|
|
|
|
| LEADER |
00000nam2a2200000 4500 |
| 001 |
549720 |
| 005 |
20231101120608.0 |
| 035 |
|
|
|a (RuTPU)RU\TPU\prd\243023
|
| 090 |
|
|
|a 549720
|
| 100 |
|
|
|a 20151014a19909999km y0rusy50 ca
|
| 101 |
0 |
|
|a rus
|
| 102 |
|
|
|a RU
|
| 200 |
0 |
|
|a № 9
|
| 210 |
|
|
|d 2015
|
| 330 |
|
|
|a В обзоре рассмотрены социальные и гносеологические противоречия развития исследования, посвященного конкурентоспособности выпускников аспирантуры Финансового университета на рынке труда и образовательных услуг, описаны социальный портрет аспмранта университета, условия для работы над диссертацией, а также изучены представления аспирантов относительно их конкурентоспособности на рынке квалификационного труда. Обзор адресован научно-педагогической общественности, работодателям, работникам органов управления образованием.
|
| 461 |
|
1 |
|0 (RuTPU)RU\TPU\prd\23824
|t Аналитические обзоры по основным направлениям развития высшего образования
|o Обзорная информация
|f Российская Федерация, Министерство образования и науки ; Федеральный институт развития образования (ФИРО)
|v № 9
|d 2007-
|
| 464 |
|
|
|t Российская аспирантура: вызовы XXI века. На примере аспирантуры Финансового университета при правительстве Российской Федерации
|f О. М. Дудина
|
| 610 |
1 |
|
|a Российская Федерация
|
| 610 |
1 |
|
|a выпускники
|
| 610 |
1 |
|
|a конкурентоспособность
|
| 610 |
1 |
|
|a рынок труда
|
| 610 |
1 |
|
|a аспирантура
|
| 610 |
1 |
|
|a аспиранты
|
| 801 |
|
0 |
|a RU
|b 63413507
|c 20010227
|g PSBO
|
| 801 |
|
1 |
|a RU
|b 63413507
|c 20151014
|
| 801 |
|
2 |
|a RU
|b 63413507
|c 20151109
|g RCR
|
| 942 |
|
|
|c BK
|
| 999 |
|
|
|a НТБ_ТПУ
|b ЧЗЭР
|e -1/20150112
|s 1/20150608
|u 0,00
|v 1
|